000 01132nab a2200193 i 4500
001 768714001
003 CO-MdFUSB
005 20240430085208.0
008 240429b sp ||||| |||| 00| 0 spa d
040 _bspa
_cCO-MdFUSB
_dCO-MdFUSB
041 _aspa
100 _aMessi Metogo, Éloi,
_eautor
245 3 _aEl olvido de la humanidad de Jesús
_c/ Éloi Messi Metogo
520 _aEstos pensamientos se basan en la comprensión: el olvido de la humanidad de Jesús pone en riesgo el evangelio de la salvación en África. Las iglesias independientes o afrocristianas y las iglesias renacentistas exhiben características similares, con algunas excepciones, a las iglesias misioneras católicas y protestantes. Están guiados por una figura de Cristo que es a la vez mística y sanadora, capaz de contrarrestar los elementos que causan la enfermedad y la muerte.
650 7 _aCristología
_9239
653 _aSoteriológico y antropológico
773 0 _049450
_960405
_oR0341
_tRevista internacional de teología Concilium
_w(CO-MdFUSB)8
_x0210-1041
_gNúmero 314, (febrero, 2006), páginas: 23 - 28
_qpágina: 23
942 _cANA
999 _c69426
_d69426